Stolice Europy na mapie - Statystyki

Ogólne statystyki
  • Ten quiz został rozwiązany 821 razy
  • Średni wynik to 38 z 45
Odpowiedzi na mapie
Odpowiedzi zakodowano w zielono-czerwonej skali na mapie do tego quizu, zgodnie z poniższymi procentami.
 
Statystyki odpowiedzi
Stolica % Poprawnych
Warszawa
98%
Berlin
96%
Kijów
95%
Londyn
95%
Moskwa
95%
Madryt
94%
Paryż
94%
Praga
94%
Watykan
93%
Lizbona
92%
Oslo
92%
Ateny
91%
Rzym
91%
Amsterdam
90%
Andora
90%
Helsinki
90%
Mińsk
90%
Dublin
89%
Kopenhaga
89%
San Marino
89%
Sztokholm
89%
Monako
88%
Wilno
88%
Bratysława
87%
Bruksela
87%
Budapeszt
87%
Wiedeń
87%
Bukareszt
86%
Luksemburg
86%
Reykjavik
86%
Ryga
86%
Berno
83%
Zagrzeb
83%
Sofia
82%
Tallinn
81%
Sarajewo
76%
Kiszyniów
74%
Belgrad
73%
Valletta
73%
Lublana
72%
Vaduz
72%
Skopje
70%
Tirana
70%
Podgorica
68%
Prisztina
65%
Nie znaleziono quizów pasujących do podanych kryteriów
Rozkład punktacji
Procent ludzi z każdym wynikiem
Percentyl według liczby udzielonych odpowiedzi
Twoja historia wyników
Nie rozwiązałeś tego quizu